[Event "DVM U14 2014"]
[Site "Regensburg GER"]
[Date "2014.12.30"]
[Round "7"]
[White "Wenzel, Calvin"]
[Black "Bosselmann, Tom Linus"]
[Result "1/2-1/2"]
[Termination "normal"]
[Board "10.2"]
[WhiteElo "1619"]
[BlackElo "1623"]
[WhiteTeam "SK Bickenbach"]
[BlackTeam "Lübecker SV"]
[PlyCount "85"]
[WhiteFideId "12973920"]
[BlackFideId "12983845"]
[EventCountry "GER"]
[EventRounds "7"]
[EventType "team-swiss"]
[EventDate "2014.12.26"]

1. e4 c5 2. Nf3 d6 3. d4 cxd4 4. Nxd4 Nf6 5. Nc3 g6 6. f3 Bg7 7. Be3 O-O 8. Qd2
a6 9. Bh6 Bd7 10. h4 Nc6 11. Bxg7 Kxg7 12. Be2 b5 13. h5 Ng8 14. Nxc6 Bxc6 15.
hxg6 fxg6 16. Qg5 e6 17. Qg4 Qe7 18. Qh3 Nf6 19. Qh6+ Kg8 20. Bd3 Qg7 21. Qh2
d5 22. Qd6 Qd7 23. Qxd7 Nxd7 24. exd5 exd5 25. Rh6 Kg7 26. Rh4 Rae8+ 27. Kd2
Ne5 28. Rhh1 Nc4+ 29. Kc1 Rf7 30. b3 Ne3 31. Rg1 Bd7 32. Kd2 b4 33. Nd1 Nxd1
34. Raxd1 a5 35. Rge1 Rfe7 36. Rxe7+ Rxe7 37. Re1 Rxe1 38. Kxe1 Kf6 39. Ke2 Ke5
40. Ke3 d4+ 41. Ke2 Bf5 42. g3 Bxd3+ 43. cxd3 1/2-1/2

[Event "DVM U14 2014"]
[Site "Regensburg GER"]
[Date "2014.12.30"]
[Round "7"]
[White "Nguyen, Truong Thinh"]
[Black "Watzlawik, Lee-David"]
[Result "1-0"]
[Termination "normal"]
[Board "10.4"]
[WhiteElo "1163"]
[BlackElo "1370"]
[WhiteTeam "SK Bickenbach"]
[BlackTeam "Lübecker SV"]
[PlyCount "73"]
[WhiteFideId "12983977"]
[BlackFideId "1270474"]
[EventCountry "GER"]
[EventRounds "7"]
[EventType "team-swiss"]
[EventDate "2014.12.26"]

1. e4 e5 2. Nf3 f5 3. d3 Nc6 4. Nc3 Nf6 5. Bg5 Bb4 6. Bxf6 Qxf6 7. a3 Ba5 8. b4
Bb6 9. Nd5 Qg6 10. Qe2 d6 11. c3 fxe4 12. dxe4 Be6 13. Nxb6 axb6 14. Qc2 O-O
15. Nh4 Qf6 16. g3 g5 17. Nf5 Bxf5 18. exf5 Qxf5 19. Qxf5 Rxf5 20. Bg2 Ra7 21.
O-O Rf8 22. Ra2 Raa8 23. Rd1 Rfe8 24. Be4 Rab8 25. a4 Red8 26. Kg2 Ne7 27. Re2
c6 28. Bc2 Nd5 29. Rd3 Nc7 30. f3 b5 31. a5 Kf7 32. Bb3+ Ke7 33. f4 gxf4 34.
gxf4 Kf6 35. fxe5+ dxe5 36. Rf3+ Kg7 37. Rf7+ 1-0